LEADER 00872nam a2200205 i 4500 001 000000090718 003 CaOOAMICUS 005 20160204000000.0 008 160204s1834 it u000 u ita u 013 $a62960 040 $aSeMil$bita 100 1 $aBrunati, Giuseppe.$0(OLS)http://semarc/name/21704 245 10$aLeggendario, o Vite di santi bresciani con note istorico-critiche /$cdel sacerdote Giuseppe Brunati. 260 $aBrescia :$bpresso Lorenzo Gilberti,$c1834. 300 $a219 p. ;$c21 cm. 650 4$aAgiografia.$0(OLS)http://semarc/subject/327 850 $aSeMil 852 $aSeMil$W1$xVenegono$y1$m3J IV 82 FA$j53685$B53685$CSeMilBibl$Z2$F58319 $8I 996 $6245$aLeggendario, o Vite di santi bresciani con note istorico-critiche$9(OLS)http://semarc/title/136729 996 $6260$aBrescia :$bpresso Lorenzo Gilberti$9(OLS)http://semarc/publisher/43650 LEADER 01159nam a2200265 i 4500 001 000000209181 003 CaOOAMICUS 005 20111207000000.0 008 111207s2005 it u000 u ita u 013 $a187970 020 $a88-04-54531-3 040 $aSeMil$bita 100 1 $aMessori, Vittorio,$d<1941- >.$0(OLS)http://semarc/name/16978 245 10$aIo, il bambino ebreo rapito da Pio 9. :$bil memoriale inedito del protagonista del caso Mortara /$cVittorio Messori. 260 $aMilano :$bAlberto Mondadori,$c2005. 300 $a166 p. ;$c23 cm. 490 0 $aLe scie 650 4$aMortara Edgardo .$0(OLS)http://semarc/subject/39317 830 3$aLe scie.$0(OLS)http://semarc/title/6825 850 $aSeMil 852 $aSeMil$W1$xVenegono$y1$m3G IV 331$j159635$B159635$CSeMilBibl$Z2$F171576 $81 961 $aOmaggio: Altro 996 $6020$a88-04-54531-3$9(OLS)http://semarc/number/203850 996 $6245$aIo, il bambino ebreo rapito da Pio 9. :$bil memoriale inedito del protagonista del caso Mortara$9(OLS)http://semarc/title/302378 996 $6260$aMilano :$bAlberto Mondadori$9(OLS)http://semarc/publisher/41668